Communication Systems (Record no. 33615)
[ view plain ]
| 000 -LEADER | |
|---|---|
| fixed length control field | 00350nam a2200157Ia 4500 |
| 082 ## - DEWEY DECIMAL CLASSIFICATION NUMBER | |
| Classification number | 621.382 |
| Item number | SEK |
| 100 ## - MAIN ENTRY--PERSONAL NAME | |
| Personal name | Sekar Chandra/V |
| 245 ## - TITLE STATEMENT | |
| Title | Communication Systems |
| 260 ## - PUBLICATION, DISTRIBUTION, ETC. | |
| Name of publisher, distributor, etc. | Oxford university press |
| Date of publication, distribution, etc. | 2012 |
| 366 ## - TRADE AVAILABILITY INFORMATION | |
| Publishers's discount category | 25 |
| 300 ## - PHYSICAL DESCRIPTION | |
| Extent | 923 |
| 546 ## - LANGUAGE NOTE | |
| Language note | ENGLISH |
| -- | PAMPHALETS |
| 650 ## - SUBJECT ADDED ENTRY--TOPICAL TERM | |
| Topical term or geographic name entry element | Communication system |
| 942 ## - ADDED ENTRY ELEMENTS (KOHA) | |
| Koha item type | BOOK |
| Withdrawn status | Lost status | Damaged status | Not for loan | Collection | Home library | Current library | Date acquired | Source of acquisition | Cost, normal purchase price | Inventory number | Total Checkouts | Full call number | Barcode | Date last seen | Cost, replacement price | Price effective from | Koha item type | Total Renewals | Date last checked out |
|---|---|---|---|---|---|---|---|---|---|---|---|---|---|---|---|---|---|---|---|
| CRC | Fr. Agnel's C.Rodrigues College of Engineering | Fr. Agnel's C.Rodrigues College of Engineering | 17/03/2023 | Allied Publishers | 371.25 | 252 dt 25.05.2016 | 621.382 SEK | 24159 | 13/05/2026 | 495.00 | BOOK | ||||||||
| CRC | Fr. Agnel's C.Rodrigues College of Engineering | Fr. Agnel's C.Rodrigues College of Engineering | 17/03/2023 | Allied Publishers | 371.25 | 252 dt 25.05.2016 | 621.382 SEK | 24160 | 17/03/2023 | 495.00 | BOOK | ||||||||
| CRC | Fr. Agnel's C.Rodrigues College of Engineering | Fr. Agnel's C.Rodrigues College of Engineering | 17/03/2023 | Allied Publishers | 371.25 | 252 dt 25.05.2016 | 1 | 621.382 SEK | 24161 | 22/04/2026 | 495.00 | BOOK | 1 | 20/03/2026 |